O mundo biológico: 12º ano

Guardado en:
Detalles Bibliográficos
Autor principal: Cristo, J. C. Anaia
Otros Autores: Galhardo, Luísa
Formato: Desconocido
Lenguaje:portugués
Publicado: Lisboa Replicação 1997
Edición:5ª ed. (2ª da nova versão),
Catálogo:MANES:  Resultados de Búsqueda del Catálogo
Clasificación de libros de texto:
Etiquetas: Agregar Etiqueta
Sin Etiquetas, Sea el primero en etiquetar este registro!
Añadido a:2016-04-26
Cambiado en:2025-04-25

MARC

LEADER 000000000a22000000004500
001 30567
003 OSt
005 20250425111544.0
008 160427s pt ||||| |||| 00| 0 por d
040 |c centro_manes 
041 1 |a por 
100 1 |a Cristo, J. C. Anaia  |9 16197 
245 0 0 |a O mundo biológico: 12º ano 
250 |a 5ª ed. (2ª da nova versão), 
260 3 |a Lisboa  |b Replicação  |c 1997 
300 |a 3 v.;  |c 27 cm 
500 |a 1 v.  |a 2 v.  |a 3 v. 
561 |5 pt-BNP  |a Portugal. Biblioteca Nacional de Portugal  |k MANES 
690 |a CN 
691 |a SE 
700 1 |a Galhardo, Luísa  |9 16199 
942 |2 ddc  |c BK 
546 |a Portugal 
999 |c 32029  |d 32029 
999 |c manes:32029  |d 32029